[Event "Winnipeg op U1800"]
[Site "Winnipeg CAN"]
[Date "2026.02.15"]
[Round "3.19"]
[White "Essery, Richard"]
[Black "Wang, Elvis"]
[Result "0-1"]
[WhiteElo "1524"]
[BlackElo "1569"]
[WhiteFideId "-1"]
[BlackFideId "-1"]
[PlyCount "142"]
[GameId "2285889505780235"]
[EventDate "2026.02.14"]
[EventType "swiss"]
[EventRounds "5"]
[EventCountry "CAN"]

1. d4 d5 2. Bf4 Nf6 3. Nf3 c6 4. c3 e6 5. Nbd2 Nbd7 6. h3 Be7 7. e3 a5 8. Bd3 b5 9. a3 Nb6 10. Ne5 Bb7 11. Ndf3 Nfd7 12. Qe2 Nxe5 13. Nxe5 Nd7 14. O-O O-O 15. Qg4 Nxe5 16. dxe5 f5 17. exf6 Rxf6 18. Bg5 Rf7 19. Bf4 Bc8 20. Qh5 g6 21. Qe2 Bd6 22. Bxd6 Qxd6 23. Rad1 Qe7 24. Rfe1 Bb7 25. e4 Re8 26. e5 Ref8 27. Rf1 Qg5 28. Rde1 Rf3 29. Kh2 R3f4 30. Qe3 Qe7 31. Qg3 b4 32. axb4 axb4 33. cxb4 Rxb4 34. Re2 Rb3 35. Rd1 Ba6 36. Qe3 Bxd3 37. Rxd3 Rxd3 38. Qxd3 Qc5 39. Kg3 Qc1 40. Qd2 Qxd2 41. Rxd2 c5 42. f4 c4 43. Kf3 Kg7 44. h4 h6 45. g3 Ra8 46. Ke3 Kf7 47. Kd4 Ra1 48. Rg2 Rd1+ 49. Kc3 Rd3+ 50. Kc2 g5 51. hxg5 hxg5 52. fxg5 Re3 53. Rf2+ Ke7 54. g6 Rxe5 55. Rf7+ Ke8 56. Rf6 Kd7 57. g7 Rg5 58. Rf7+ Kd6 59. b3 cxb3+ 60. Kxb3 Rxg3+ 61. Kc2 Rg6 62. Kd2 Kc5 63. Kd3 e5 64. Rc7+ Kd6 65. Ra7 Rg3+ 66. Ke2 Ke6 67. Kf2 Rg5 68. Ra6+ Kf7 69. Ra7+ Kf6 70. Rd7 d4 71. g8=N+ Rxg8 0-1

[Event "Winnipeg op U1800"]
[Site "Winnipeg CAN"]
[Date "2026.02.15"]
[Round "3.20"]
[White "Chan, John"]
[Black "Lee, Zach Nathaniel"]
[Result "0-1"]
[WhiteElo "1560"]
[BlackElo "1402"]
[WhiteFideId "-1"]
[BlackFideId "-1"]
[PlyCount "88"]
[GameId "2285889505780236"]
[EventDate "2026.02.14"]
[EventType "swiss"]
[EventRounds "5"]
[EventCountry "CAN"]

1. d4 c6 2. e4 d5 3. e5 Bf5 4. Nf3 Nd7 5. g3 e6 6. Bg2 c5 7. c3 Ne7 8. O-O Nc6 9. Be3 c4 10. b3 Nb6 11. Nbd2 Ba3 12. b4 a5 13. Nb1 axb4 14. Nxa3 Rxa3 15. cxb4 Nxb4 16. Ne1 Nxa2 17. Qd2 c3 18. Qe2 Qa8 19. Nc2 Ra4 20. Qb5+ Nd7 21. Nb4 O-O 22. Rxa2 Rxa2 23. Nxa2 Qxa2 24. Qxd7 Qb3 25. h3 h6 26. g4 Bd3 27. Rc1 c2 28. Bf1 Ra8 29. Bxd3 Qxd3 30. Qc7 Qd1+ 31. Kg2 Ra1 32. Qc8+ Kh7 33. Rxc2 Qh1+ 34. Kg3 Rg1+ 35. Kh4 g5+ 36. Bxg5 hxg5+ 37. Kxg5 Qxh3 38. Kf6 Rxg4 39. Ke7 Rg8 40. Qxb7 Qh4+ 41. Kd6 Qd8+ 42. Qd7 Qb8+ 43. Ke7 Qf8+ 44. Kf6 Rg6# 0-1

[Event "Winnipeg op U1800"]
[Site "Winnipeg CAN"]
[Date "2026.02.15"]
[Round "3.21"]
[White "Odeyemi, Emmanuel"]
[Black "Parmar, Nevil"]
[Result "1-0"]
[WhiteElo "1481"]
[BlackElo "1556"]
[WhiteFideId "-1"]
[BlackFideId "-1"]
[PlyCount "63"]
[GameId "2285889505780237"]
[EventDate "2026.02.14"]
[EventType "swiss"]
[EventRounds "5"]
[EventCountry "CAN"]

1. e4 c5 2. Nf3 Nc6 3. d3 e6 4. Nc3 d5 5. exd5 exd5 6. Be2 Be7 7. O-O Nf6 8. Bg5 O-O 9. a3 h6 10. Bh4 Bg4 11. h3 Bxf3 12. Bxf3 Nd4 13. Bxf6 Nxf3+ 14. Qxf3 Bxf6 15. Nxd5 Bxb2 16. Rab1 Bxa3 17. Rxb7 Qd6 18. c4 a5 19. Re1 Rab8 20. Rxb8 Rxb8 21. g3 Bb4 22. Re7 Rf8 23. Qe4 a4 24. Re8 Rxe8 25. Qxe8+ Kh7 26. Ne7 h5 27. Qg8+ Kh6 28. Nf5+ Kg6 29. Nxd6 a3 30. Qxf7+ Kh6 31. Nf5+ Kg5 32. f4# 1-0

[Event "Winnipeg op U1800"]
[Site "Winnipeg CAN"]
[Date "2026.02.15"]
[Round "3.22"]
[White "Trueman, Francis"]
[Black "Ott, Richard"]
[Result "0-1"]
[WhiteElo "1380"]
[BlackElo "1632"]
[WhiteFideId "-1"]
[BlackFideId "-1"]
[PlyCount "88"]
[GameId "2285889505780238"]
[EventDate "2026.02.14"]
[EventType "swiss"]
[EventRounds "5"]
[EventCountry "CAN"]

1. e4 e6 2. Nf3 d5 3. Qe2 dxe4 4. Qxe4 Nf6 5. Qe2 Be7 6. d3 O-O 7. g3 Nc6 8. Bg2 Rb8 9. a4 Nd4 10. Nxd4 Qxd4 11. c3 Qd8 12. O-O h6 13. h4 b6 14. Nd2 c5 15. Re1 Ba6 16. c4 Bb7 17. Nf3 Ne8 18. Bf4 Bd6 19. Ne5 Bxg2 20. Kxg2 Nc7 21. Nc6 Qe8 22. Nxb8 Bxf4 23. gxf4 Qxb8 24. Kh2 Na6 25. Qe5 Nb4 26. Qxb8 Rxb8 27. Rad1 Nc2 28. Rg1 Nd4 29. Rg2 Ne2 30. f5 exf5 31. Re1 Nf4 32. Rgg1 Nxd3 33. Re2 Rd8 34. Rd1 Rd4 35. f4 Nxf4 36. Rxd4 cxd4 37. Re7 d3 38. Rxa7 Kf8 39. c5 bxc5 40. Rd7 Ke8 41. Rxd3 Nxd3 42. a5 Nxb2 43. a6 Na4 44. a7 Nb6 0-1

[Event "Winnipeg op U1800"]
[Site "Winnipeg CAN"]
[Date "2026.02.15"]
[Round "3.23"]
[White "Mandusic, Ante"]
[Black "Hui, Zenas"]
[Result "0-1"]
[WhiteElo "1267"]
[BlackElo "1529"]
[WhiteFideId "-1"]
[BlackFideId "-1"]
[PlyCount "100"]
[GameId "2285889505780239"]
[EventDate "2026.02.14"]
[EventType "swiss"]
[EventRounds "5"]
[EventCountry "CAN"]

1. Nc3 c5 2. e4 Nc6 3. Bc4 g6 4. b3 Bg7 5. Bb2 Nf6 6. Nf3 O-O 7. O-O Nxe4 8. Rb1 Nf6 9. d4 d5 10. Be2 cxd4 11. Nxd4 Nxd4 12. Qxd4 Bf5 13. Rfc1 Ne4 14. Qxd5 Nxc3 15. Qxd8 Rfxd8 16. Bxc3 Bxc3 17. g3 Bh3 18. Bf3 Rd7 19. a4 Rad8 20. Bg2 Bxg2 21. Kxg2 Rd2 22. a5 a6 23. b4 R8d4 24. Rb3 Bxb4 25. c3 Bxc3 26. Rbxc3 Ra4 27. Rc7 Rxa5 28. Rxb7 Raa2 29. Rf1 e6 30. h4 a5 31. Ra7 a4 32. Ra5 h5 33. Ra6 a3 34. Ra5 Kf8 35. Ra4 Ke7 36. Ra7+ Kf6 37. Kf3 Rdc2 38. Ra5 Rd2 39. Rg5 Rab2 40. Ra1 a2 41. Ra5 Rxf2+ 42. Ke3 Rg2 43. Kd3 Rxg3+ 44. Kc4 Rgg2 45. Rb5 Rgc2+ 46. Kd3 Rxb5 47. Kxc2 Ra5 48. Kb2 e5 49. Rxa2 Rxa2+ 50. Kxa2 e4 0-1

[Event "Winnipeg op U1800"]
[Site "Winnipeg CAN"]
[Date "2026.02.15"]
[Round "3.24"]
[White "Melnyk, James"]
[Black "Zhang, Chloe"]
[Result "1-0"]
[WhiteElo "1700"]
[BlackElo "1091"]
[WhiteFideId "-1"]
[BlackFideId "-1"]
[PlyCount "89"]
[GameId "2285889505788432"]
[EventDate "2026.02.14"]
[EventType "swiss"]
[EventRounds "5"]
[EventCountry "CAN"]

1. e4 e5 2. c3 Nf6 3. Qc2 Nc6 4. Nf3 Bc5 5. Bb5 O-O 6. O-O a6 7. Bxc6 dxc6 8. d3 Bg4 9. Nfd2 Nh5 10. Nc4 Qh4 11. Nxe5 Bd6 12. f4 f6 13. Qb3+ Kh8 14. Nxg4 Qxg4 15. Qd1 Qxd1 16. Rxd1 Nxf4 17. Kf2 Ng6 18. g3 Ne5 19. Kg2 Ng4 20. h3 Ne5 21. Be3 f5 22. exf5 Rxf5 23. Bf4 Re8 24. Re1 c5 25. d4 cxd4 26. cxd4 Re7 27. dxe5 Bxe5 28. Bxe5 Rfxe5 29. Rxe5 Rxe5 30. Kf2 Rf5+ 31. Ke2 Kg8 32. Nc3 Kf7 33. Rf1 Rxf1 34. Kxf1 Ke6 35. Ke2 Ke5 36. Ke3 Kd6 37. Kd4 c5+ 38. Ke4 Kc6 39. Ke5 g5 40. Kf5 h6 41. Kg6 b5 42. Kxh6 b4 43. Nb1 Kd5 44. Kxg5 Kd4 45. h4 1-0

[Event "Winnipeg op U1800"]
[Site "Winnipeg CAN"]
[Date "2026.02.15"]
[Round "3.25"]
[White "Nikkel, Daniel"]
[Black "Zhang, Oscar"]
[Result "1/2-1/2"]
[WhiteElo "1362"]
[BlackElo "1365"]
[WhiteFideId "-1"]
[BlackFideId "-1"]
[PlyCount "60"]
[GameId "2285889505788433"]
[EventDate "2026.02.14"]
[EventType "swiss"]
[EventRounds "5"]
[EventCountry "CAN"]

1. Nf3 d5 2. d4 Nc6 3. g3 Bf5 4. Bg2 Nf6 5. Nc3 Nb4 6. O-O Nxc2 7. Rb1 Nb4 8. Ra1 Nc6 9. Ne5 Nxe5 10. dxe5 Ng4 11. Qxd5 Qxd5 12. Bxd5 c6 13. Bg2 Nxe5 14. f4 Ng6 15. e4 Bd7 16. a4 e6 17. e5 Bc5+ 18. Kh1 Ne7 19. Ne4 Bb4 20. Nd6+ Bxd6 21. exd6 Nd5 22. Bxd5 cxd5 23. b4 O-O 24. g4 Rad8 25. Be3 a6 26. Rfc1 Bc6 27. Bc5 Rfe8 28. Re1 h6 29. Rad1 Bxa4 30. Rc1 Bc6 1/2-1/2

[Event "Winnipeg op U1800"]
[Site "Winnipeg CAN"]
[Date "2026.02.15"]
[Round "4.14"]
[White "Patel, Jaimin"]
[Black "Li, Yuchen"]
[Result "0-1"]
[WhiteElo "1688"]
[BlackElo "1749"]
[WhiteFideId "-1"]
[BlackFideId "-1"]
[PlyCount "60"]
[GameId "2285889505788434"]
[EventDate "2026.02.14"]
[EventType "swiss"]
[EventRounds "5"]
[EventCountry "CAN"]

1. d4 d5 2. c4 e6 3. Nc3 c5 4. cxd5 exd5 5. Nf3 Nc6 6. Bf4 Nf6 7. h3 cxd4 8. Nxd4 Bc5 9. Nb3 Bb6 10. e3 O-O 11. Bg5 d4 12. Na4 Ba5+ 13. Nd2 h6 14. Bxf6 Qxf6 15. e4 Qe5 16. Bd3 b5 17. Rc1 Nb4 18. Nc5 Nxd3+ 19. Nxd3 Qxe4+ 20. Qe2 Qxg2 21. Qf1 Qf3 22. b4 Re8+ 23. Ne4 Rxe4+ 24. Kd2 Bb6 25. h4 Bg4 26. Ne1 Re2+ 27. Kd1 Rxe1+ 28. Kxe1 Re8+ 29. Kd2 Re2+ 30. Kd1 Qd3# 0-1

[Event "Winnipeg op U1800"]
[Site "Winnipeg CAN"]
[Date "2026.02.15"]
[Round "4.15"]
[White "Wang, Elvis"]
[Black "Breadner, David"]
[Result "1-0"]
[WhiteElo "1569"]
[BlackElo "1671"]
[WhiteFideId "-1"]
[BlackFideId "-1"]
[PlyCount "97"]
[GameId "2285889505788435"]
[EventDate "2026.02.14"]
[EventType "swiss"]
[EventRounds "5"]
[EventCountry "CAN"]

1. e4 e5 2. Nf3 Nc6 3. Bc4 Bc5 4. O-O d6 5. c3 Nf6 6. d4 exd4 7. cxd4 Bb6 8. Bg5 h6 9. Bh4 g5 10. e5 gxh4 11. exf6 Qxf6 12. Re1+ Be6 13. d5 Ne5 14. Nxe5 Qxf2+ 15. Kh1 Rg8 16. Qd2 h3 17. g3 dxe5 18. Qxf2 Bxf2 19. Rf1 Bd4 20. dxe6 fxe6 21. Nc3 Ke7 22. Rf3 Raf8 23. Raf1 Rxf3 24. Rxf3 Rg4 25. Bf1 e4 26. Rf4 Rxf4 27. gxf4 Bxc3 28. bxc3 e3 29. Kg1 Kf6 30. Bxh3 e5 31. fxe5+ Kxe5 32. Kf1 Kf4 33. Ke2 b6 34. a4 a6 35. Bc8 b5 36. axb5 axb5 37. Bd7 c5 38. Bxb5 Ke4 39. Bc6+ Kf4 40. c4 h5 41. Bd5 h4 42. Bc6 Kg4 43. Kxe3 Kh3 44. Ke4 Kxh2 45. Ke5 Kg1 46. Kd6 h3 47. Kxc5 h2 48. Bd5 h1=Q 49. Bxh1 1-0

[Event "Winnipeg op U1800"]
[Site "Winnipeg CAN"]
[Date "2026.02.15"]
[Round "4.16"]
[White "Hansima, Charitha"]
[Black "Odeyemi, Emmanuel"]
[Result "0-1"]
[WhiteElo "1729"]
[BlackElo "1481"]
[WhiteFideId "-1"]
[BlackFideId "-1"]
[PlyCount "142"]
[GameId "2285889505788436"]
[EventDate "2026.02.14"]
[EventType "swiss"]
[EventRounds "5"]
[EventCountry "CAN"]

1. c4 c5 2. g3 g6 3. Bg2 Bg7 4. Nf3 Nf6 5. O-O O-O 6. Nc3 Nc6 7. d4 cxd4 8. Nxd4 Ne5 9. Qb3 a6 10. Be3 Qc7 11. c5 Neg4 12. Na4 Nxe3 13. Qxe3 e5 14. Nb3 Re8 15. Nb6 Rb8 16. Nc4 d5 17. Nd6 Re7 18. Nxc8 Rxc8 19. Rfd1 d4 20. Qg5 Rd8 21. Rac1 h6 22. Qd2 Ng4 23. c6 b6 24. Qb4 Bf8 25. Qc4 a5 26. Nd2 Nf6 27. Ne4 Nxe4 28. Bxe4 Kg7 29. Bg2 Re6 30. Qb5 Bc5 31. a3 e4 32. b4 axb4 33. axb4 Be7 34. Qc4 Bf6 35. Bh3 Re5 36. Bd7 b5 37. Qxd4 Re7 38. Qc5 Re5 39. Qd4 e3 40. f3 Rg5 41. Qd6 Be5 42. Qxc7 Bxc7 43. Rc3 Re5 44. Rdd3 h5 45. Kg2 h4 46. f4 Re7 47. Rxe3 Rexd7 48. cxd7 Rxd7 49. Rxc7 Rxc7 50. gxh4 Rc4 51. Rb3 Rxf4 52. Kg3 Re4 53. e3 Kh6 54. Kh3 Kh5 55. Rd3 Rxh4+ 56. Kg3 Rxb4 57. Rd5+ f5 58. e4 Rxe4 59. Rxb5 Rg4+ 60. Kf3 Kh4 61. Rb2 Rc4 62. Rd2 g5 63. Kg2 f4 64. Rf2 g4 65. Rd2 Re4 66. Kf2 f3 67. Rb2 Re2+ 68. Rxe2 fxe2 69. Kxe2 Kh3 70. Kf2 Kxh2 71. Kf1 g3 0-1

[Event "Winnipeg op U1800"]
[Site "Winnipeg CAN"]
[Date "2026.02.15"]
[Round "4.17"]
[White "Johnston, Devin"]
[Black "Jo, Asher"]
[Result "0-1"]
[WhiteElo "1607"]
[BlackElo "1453"]
[WhiteFideId "-1"]
[BlackFideId "-1"]
[PlyCount "62"]
[GameId "2285889505788437"]
[EventDate "2026.02.14"]
[EventType "swiss"]
[EventRounds "5"]
[EventCountry "CAN"]

1. e4 e5 2. Nf3 Nc6 3. d4 exd4 4. Nxd4 Bc5 5. Nb3 Bb6 6. Qe2 d6 7. Nc3 Be6 8. Be3 Nf6 9. O-O-O Ng4 10. Bxb6 axb6 11. f3 Nge5 12. Kb1 Ra7 13. g4 b5 14. Nxb5 Bc4 15. Qf2 Bxb5 16. Bxb5 Qa8 17. Bxc6+ Nxc6 18. Nc1 O-O 19. c3 b5 20. h4 b4 21. cxb4 Nxb4 22. a3 Nc6 23. Rd3 Rb8 24. h5 Rxa3 25. Rxa3 Qxa3 26. Rh2 Qa4 27. h6 Ra8 28. Qh4 Nb4 29. Nb3 Qxb3 30. Qe1 Ra1+ 31. Kxa1 Qa2# 0-1

[Event "Winnipeg op U1800"]
[Site "Winnipeg CAN"]
[Date "2026.02.15"]
[Round "4.18"]
[White "Sarao, Karanveer Singh"]
[Black "Pacin, Ondrej"]
[Result "1-0"]
[WhiteElo "1492"]
[BlackElo "1428"]
[WhiteFideId "-1"]
[BlackFideId "-1"]
[PlyCount "53"]
[GameId "2285889505788438"]
[EventDate "2026.02.14"]
[EventType "swiss"]
[EventRounds "5"]
[EventCountry "CAN"]

1. d4 d5 2. c4 c6 3. Nc3 Nf6 4. Nf3 e6 5. cxd5 exd5 6. h3 Bb4 7. Qc2 h6 8. Bf4 Ne4 9. e3 O-O 10. Bd3 Re8 11. O-O Nd7 12. Nxe4 Nf6 13. Nxf6+ Qxf6 14. a3 Bd6 15. Bxd6 Qxd6 16. Rfe1 b5 17. Ne5 Bd7 18. Bh7+ Kf8 19. Bd3 Kg8 20. Rac1 Rac8 21. Nxd7 Qxd7 22. Qb3 a6 23. Rc5 g6 24. Rec1 Re6 25. a4 Rce8 26. axb5 axb5 27. Qc3 1-0

[Event "Winnipeg op U1800"]
[Site "Winnipeg CAN"]
[Date "2026.02.15"]
[Round "4.19"]
[White "Lee, Zach Nathaniel"]
[Black "Ott, Richard"]
[Result "0-1"]
[WhiteElo "1402"]
[BlackElo "1632"]
[WhiteFideId "-1"]
[BlackFideId "-1"]
[PlyCount "72"]
[GameId "2285889505788439"]
[EventDate "2026.02.14"]
[EventType "swiss"]
[EventRounds "5"]
[EventCountry "CAN"]

1. e4 d6 2. d4 Nf6 3. Nc3 g6 4. Nf3 Bg7 5. Bd3 O-O 6. Be3 c6 7. Qd2 Ng4 8. h3 Nxe3 9. Qxe3 Qb6 10. b3 Na6 11. O-O Bd7 12. a3 e6 13. Qf4 e5 14. dxe5 dxe5 15. Nxe5 Rad8 16. Nc4 Qc7 17. Qd2 Nc5 18. Rad1 Nxd3 19. cxd3 Be6 20. Qe3 Bxc3 21. d4 Ba5 22. f4 Bxc4 23. bxc4 Qe7 24. e5 Rd7 25. Qg3 Rfd8 26. Qe3 Bb6 27. c5 Bxc5 28. Kh1 Bxd4 29. Qg3 Bc5 30. Rde1 Bxa3 31. f5 Rd3 32. Qf4 R8d4 33. f6 Rxf4 34. fxe7 Rxf1+ 35. Rxf1 Bxe7 36. g4 Rxh3+ 0-1

[Event "Winnipeg op U1800"]
[Site "Winnipeg CAN"]
[Date "2026.02.15"]
[Round "4.20"]
[White "Hui, Zenas"]
[Black "Melnyk, James"]
[Result "1/2-1/2"]
[WhiteElo "1529"]
[BlackElo "1700"]
[WhiteFideId "-1"]
[BlackFideId "-1"]
[PlyCount "89"]
[GameId "2285889505796632"]
[EventDate "2026.02.14"]
[EventType "swiss"]
[EventRounds "5"]
[EventCountry "CAN"]

1. c4 d6 2. Nc3 e5 3. g3 Nf6 4. Bg2 Be7 5. e3 Nbd7 6. Nge2 O-O 7. O-O Re8 8. d4 c6 9. b3 Qc7 10. Bb2 Nf8 11. Qc2 Bg4 12. Rfd1 Rad8 13. dxe5 dxe5 14. Rxd8 Rxd8 15. Rd1 Ng6 16. Rd2 Rd6 17. Qd1 Qd7 18. Rxd6 Qxd6 19. Qxd6 Bxd6 20. h3 Be6 21. Kh2 Ne7 22. Ne4 Nxe4 23. Bxe4 f6 24. Nc3 f5 25. Bf3 e4 26. Be2 Be5 27. Nd1 Ng6 28. Kg2 Kf7 29. Bh5 Bxb2 30. Nxb2 Kf6 31. Bxg6 hxg6 32. h4 Ke5 33. Kf1 Kd6 34. Na4 b5 35. cxb5 cxb5 36. Nc3 Kc5 37. Ke1 Kb4 38. Kd2 a6 39. Kc2 Kc5 40. Ne2 Kb4 41. Kb2 Kc5 42. Kc3 a5 43. Kb2 Bd7 44. Nd4 a4 45. Kc3 1/2-1/2

[Event "Winnipeg op U1800"]
[Site "Winnipeg CAN"]
[Date "2026.02.15"]
[Round "4.21"]
[White "Parmar, Nevil"]
[Black "Gannon, Keith"]
[Result "1-0"]
[WhiteElo "1556"]
[BlackElo "1571"]
[WhiteFideId "-1"]
[BlackFideId "-1"]
[PlyCount "63"]
[GameId "2285889505796633"]
[EventDate "2026.02.14"]
[EventType "swiss"]
[EventRounds "5"]
[EventCountry "CAN"]

1. e4 e5 2. Nf3 d6 3. d4 exd4 4. Nxd4 Nf6 5. Nc3 Be7 6. Bc4 O-O 7. O-O Bd7 8. Kh1 Nc6 9. f4 Nxd4 10. Qxd4 Bc6 11. Qe3 Re8 12. Bd3 a6 13. e5 dxe5 14. fxe5 Bd6 15. Rxf6 Rxe5 16. Rxd6 Qxd6 17. Qg3 Qe7 18. Bf4 Rc5 19. b4 Rxc3 20. Be5 g6 21. Bxc3 Re8 22. Re1 Qd7 23. Rxe8+ Qxe8 24. Qe5 Qxe5 25. Bxe5 Bd5 26. c4 Bc6 27. b5 axb5 28. cxb5 Bd5 29. a4 Bb3 30. a5 c6 31. a6 bxa6 32. b6 1-0

[Event "Winnipeg op U1800"]
[Site "Winnipeg CAN"]
[Date "2026.02.15"]
[Round "4.22"]
[White "Holoborodko, Ihor"]
[Black "Chan, John"]
[Result "1-0"]
[WhiteElo "1530"]
[BlackElo "1560"]
[WhiteFideId "-1"]
[BlackFideId "-1"]
[PlyCount "91"]
[GameId "2285889505796634"]
[EventDate "2026.02.14"]
[EventType "swiss"]
[EventRounds "5"]
[EventCountry "CAN"]

1. c4 e5 2. Nc3 Nf6 3. a3 c6 4. d4 exd4 5. Qxd4 d5 6. Bg5 Be7 7. cxd5 cxd5 8. O-O-O Be6 9. e4 Nxe4 10. Bxe7 Qxe7 11. Bb5+ Nc6 12. Bxc6+ bxc6 13. Nxe4 dxe4 14. Qxg7 Qc5+ 15. Kb1 Ke7 16. Qd4 Qxd4 17. Rxd4 Bf5 18. Kc1 Rac8 19. Ne2 c5 20. Ra4 Rc7 21. Nc3 Rd8 22. Re1 Rd4 23. f3 Rxa4 24. Nxa4 Kf6 25. fxe4 Re7 26. Nxc5 Bg6 27. Kd2 Rc7 28. b4 a5 29. e5+ Ke7 30. Kc3 axb4+ 31. axb4 Bf5 32. g3 Ra7 33. Kb3 Be6+ 34. Nxe6 fxe6 35. b5 Rd7 36. Re3 Rd5 37. Kb4 Rd4+ 38. Kc5 Rd5+ 39. Kc6 Rd2 40. h4 Rc2+ 41. Kb7 Kd8 42. b6 Rd2 43. Kb8 Kd7 44. b7 Kc6 45. Rc3+ Kb6 46. Kc8 1-0

[Event "Winnipeg op U1800"]
[Site "Winnipeg CAN"]
[Date "2026.02.15"]
[Round "4.23"]
[White "Mandusic, Ante"]
[Black "Essery, Richard"]
[Result "0-1"]
[WhiteElo "1267"]
[BlackElo "1524"]
[WhiteFideId "-1"]
[BlackFideId "-1"]
[PlyCount "76"]
[GameId "2285889505796635"]
[EventDate "2026.02.14"]
[EventType "swiss"]
[EventRounds "5"]
[EventCountry "CAN"]

1. e4 c5 2. Nc3 e6 3. d3 d5 4. g3 Nc6 5. Bg2 Nf6 6. Bg5 Be7 7. Nf3 h6 8. Bf4 a6 9. O-O O-O 10. a3 b5 11. b4 Bb7 12. Qb1 cxb4 13. axb4 Bxb4 14. Ne2 Rc8 15. c3 Be7 16. e5 Nd7 17. d4 Nb6 18. Qc2 Nc4 19. h4 b4 20. g4 bxc3 21. g5 hxg5 22. Bxg5 Nb4 23. Qxc3 Nxe5 24. Qb3 Nxf3+ 25. Bxf3 Rc7 26. Bxe7 Qxe7 27. h5 Nc6 28. Kg2 Qg5+ 29. Ng3 Nxd4 30. Qd3 Nxf3 31. Qxf3 d4 32. Rfc1 Bxf3+ 33. Kxf3 Rxc1 34. Rxc1 Qxc1 35. Ne2 Qa3+ 36. Kg2 d3 37. Kf1 Qa1+ 38. Kg2 dxe2 0-1

[Event "Winnipeg op U1800"]
[Site "Winnipeg CAN"]
[Date "2026.02.15"]
[Round "4.24"]
[White "Zhang, Oscar"]
[Black "Trueman, Francis"]
[Result "1-0"]
[WhiteElo "1365"]
[BlackElo "1380"]
[WhiteFideId "-1"]
[BlackFideId "-1"]
[PlyCount "37"]
[GameId "2285889505796636"]
[EventDate "2026.02.14"]
[EventType "swiss"]
[EventRounds "5"]
[EventCountry "CAN"]

1. e4 d6 2. Nf3 e5 3. d4 Nf6 4. Bb5+ c6 5. Bc4 Be7 6. O-O O-O 7. h3 h5 8. Re1 Qc7 9. d5 a5 10. Nh4 Re8 11. Nf5 Bf8 12. Qf3 g6 13. Nh6+ Bxh6 14. Bxh6 b5 15. Bd3 Nh7 16. Nd2 b4 17. dxc6 Nxc6 18. c3 bxc3 19. bxc3 {white won 70 moves} 1-0

[Event "Winnipeg op U1800"]
[Site "Winnipeg CAN"]
[Date "2026.02.15"]
[Round "4.25"]
[White "Zhang, Chloe"]
[Black "Nikkel, Daniel"]
[Result "0-1"]
[WhiteElo "1091"]
[BlackElo "1362"]
[WhiteFideId "-1"]
[BlackFideId "-1"]
[PlyCount "62"]
[GameId "2285889505796637"]
[EventDate "2026.02.14"]
[EventType "swiss"]
[EventRounds "5"]
[EventCountry "CAN"]

1. e4 e5 2. Nf3 Nc6 3. Nc3 Nf6 4. Bc4 Bc5 5. O-O d6 6. d3 h6 7. h3 Nd4 8. Nxd4 Bxd4 9. Qf3 Bxc3 10. bxc3 Be6 11. Bxe6 fxe6 12. Qg3 Qe7 13. Rb1 O-O-O 14. Be3 Qd7 15. Bxa7 b6 16. Rb3 Qa4 17. Qxg7 Nd7 18. Qf7 Kb7 19. Qxe6 Nc5 20. Qd5+ Kxa7 21. d4 Nxb3 22. cxb3 Qd7 23. a4 Rhg8 24. Ra1 Qxh3 25. Kf1 Qh1+ 26. Ke2 Qxa1 27. Qf7 Qxc3 28. Kf1 exd4 29. b4 d3 30. Qf3 Qc1+ 31. Qd1 Qxd1# 0-1

[Event "Winnipeg op U1800"]
[Site "Winnipeg CAN"]
[Date "2026.02.16"]
[Round "5.13"]
[White "Li, Yuchen"]
[Black "Breadner, David"]
[Result "1-0"]
[WhiteElo "1749"]
[BlackElo "1671"]
[WhiteFideId "-1"]
[BlackFideId "-1"]
[PlyCount "121"]
[GameId "2285889505800734"]
[EventDate "2026.02.14"]
[EventType "swiss"]
[EventRounds "5"]
[EventCountry "CAN"]

1. e4 e5 2. Nf3 Nc6 3. Bc4 Bc5 4. c3 Nf6 5. d3 d6 6. h3 h6 7. Nbd2 a6 8. Bb3 O-O 9. Nf1 Be6 10. Be3 Ba7 11. Bxa7 Nxa7 12. Ng3 Nc6 13. O-O Ne7 14. Re1 Ng6 15. d4 exd4 16. cxd4 Nh7 17. Rc1 Rc8 18. Qc2 Ng5 19. Qc3 Qf6 20. Nxg5 Qxg5 21. Kh1 h5 22. Qf3 h4 23. Qh5 Qxh5 24. Nxh5 Bxb3 25. axb3 f5 26. e5 dxe5 27. dxe5 f4 28. g4 hxg3 29. fxg3 f3 30. Re4 Rf5 31. Nf4 Nxf4 32. gxf4 c6 33. Rf1 g5 34. Rxf3 Rxf4 35. Rexf4 gxf4 36. Rxf4 Re8 37. Rf5 Kg7 38. h4 Rh8 39. h5 Rh6 40. Kg2 b6 41. Kf3 a5 42. Kf4 b5 43. Kg5 Re6 44. Kf4 a4 45. bxa4 bxa4 46. Ke4 Re7 47. Rf2 Kh6 48. Rh2 c5 49. Kd5 c4 50. Kd6 Re8 51. e6 Rd8+ 52. Kc7 Rd5 53. e7 Re5 54. Kd8 Rd5+ 55. Ke8 Rf5 56. Rd2 a3 57. bxa3 c3 58. Re2 Rc5 59. Kd7 c2 60. e8=Q Rd5+ 61. Ke6 1-0

[Event "Winnipeg op U1800"]
[Site "Winnipeg CAN"]
[Date "2026.02.16"]
[Round "5.14"]
[White "Jo, Asher"]
[Black "Patel, Jaimin"]
[Result "0-1"]
[WhiteElo "1453"]
[BlackElo "1688"]
[WhiteFideId "-1"]
[BlackFideId "-1"]
[PlyCount "126"]
[GameId "2285889505800735"]
[EventDate "2026.02.14"]
[EventType "swiss"]
[EventRounds "5"]
[EventCountry "CAN"]

1. e4 c5 2. Nf3 e6 3. d4 cxd4 4. Nxd4 Nc6 5. Nxc6 bxc6 6. Nc3 Bb4 7. Qf3 Qa5 8. Bd2 d5 9. a3 d4 10. e5 Bb7 11. Ne4 Bxd2+ 12. Nxd2 Qxe5+ 13. Be2 O-O-O 14. a4 c5 15. Qxf7 Ba6 16. c4 dxc3 17. O-O Bxe2 18. Nf3 Bxf3 19. Qxf3 Qd5 20. Qxc3 Nf6 21. Rac1 Ne4 22. Qxg7 Kb8 23. f3 Ng5 24. Kh1 Rhg8 25. Qe7 Rd6 26. b4 Rc8 27. bxc5 Rxc5 28. Qf8+ Kb7 29. Rb1+ Rb6 30. Rfd1 Rxb1 31. Rxb1+ Ka6 32. a5 Qc6 33. h4 Rc1+ 34. Rxc1 Qxc1+ 35. Kh2 Qc7+ 36. Kh1 Nf7 37. Qg7 Qc1+ 38. Kh2 Qf4+ 39. Kh3 Qf5+ 40. Kg3 Qe5+ 41. Qxe5 Nxe5 42. Kf4 Nf7 43. Kg4 Kxa5 44. f4 Kb5 45. f5 exf5+ 46. Kxf5 Nh6+ 47. Kf6 Ng4+ 48. Kg7 h6 49. Kg6 a5 50. Kh5 Nh2 51. Kxh6 a4 52. h5 a3 53. Kh7 Ng4 54. Kg6 a2 55. Kg5 Ne5 56. Kh6 a1=Q 57. Kg7 Qg1 58. Kh8 Qxg2 59. Kh7 Kc6 60. h6 Kd7 61. Kh8 Ke7 62. Kh7 Qg6+ 63. Kh8 Nf7# 0-1

[Event "Winnipeg op U1800"]
[Site "Winnipeg CAN"]
[Date "2026.02.16"]
[Round "5.16"]
[White "Ott, Richard"]
[Black "Sarao, Karanveer Singh"]
[Result "0-1"]
[WhiteElo "1632"]
[BlackElo "1492"]
[WhiteFideId "-1"]
[BlackFideId "-1"]
[PlyCount "76"]
[GameId "2285889505800736"]
[EventDate "2026.02.14"]
[EventType "swiss"]
[EventRounds "5"]
[EventCountry "CAN"]

1. Nf3 d5 2. b4 e6 3. a3 a6 4. c4 c5 5. cxd5 exd5 6. bxc5 Bxc5 7. d4 Be7 8. Nbd2 Nf6 9. e3 O-O 10. Bd3 Nc6 11. O-O Re8 12. Qc2 h6 13. Rb1 Bd6 14. Nb3 Bg4 15. Be2 Ne4 16. h3 Bh5 17. Nc5 Nxc5 18. dxc5 Bg6 19. Bd3 Bxd3 20. Qxd3 Bxc5 21. Rxb7 Ne5 22. Nxe5 Rxe5 23. Bb2 Rg5 24. Rc1 Qc8 25. h4 Rxg2+ 26. Kxg2 Qxb7 27. Rxc5 d4+ 28. e4 Qxb2 29. Rd5 Qb6 30. Qxd4 Qg6+ 31. Kf1 Rc8 32. Qe3 Qf6 33. e5 Qxh4 34. Rd4 Qh1+ 35. Ke2 Rb8 36. e6 Re8 37. exf7+ Kxf7 38. Rd7+ Kf8 0-1